Le plus grand pays parmi les deux - Mort Subite - Statistiques

Statistiques générales
  • Ce quiz a été pris 230 fois
    225 depuis la dernière actualisation
  • Le résultat moyen est 5 sur 15
Answers on the Grid
Answers color-coded by a green-red scale on the quiz's grid according to % correct below.
Suède
Pérou
Canada
Australie
Corée du Sud
Thaïlande
Italie
Sénégal
Portugal
Irlande
Égypte
Iran
Sri Lanka
Grèce
France
Chili
Inde
Mexique
Allemagne
Espagne
Niger
Nigeria
Arabie Saoudite
Kazakhstan
Autriche
Hongrie
Nouvelle-Zélande
Uruguay
Panama
Togo
 
Statistiques - réponses
Réponse % Correct
Canada
84%
Pérou
77%
Thaïlande
68%
Italie
47%
Iran
34%
Portugal
31%
Grèce
30%
Inde
22%
Chili
21%
Espagne
10%
Kazakhstan
10%
Niger
9%
Nouvelle-Zélande
6%
Hongrie
3%
Panama
3%
Aucun quiz correspondant
Distribution des résultats
% des personnes avec chaque résultat
Percentile par nombre de réponses
Votre historique - résultats
Vous n’avez pas pris ce quiz depuis la dernière actualisation